000 00281nam a22001337a 4500
008 170907b xxu||||| |||| 00| 0 eng d
020 _a03941
041 _aeng
080 _a72
100 _a41
101 _aNDI
245 _aBUILD-IT-YOURSELF HOMESTEAD
_cOGF
942 _2udc
_cBK
999 _c26557
_d26557